Statistics for Every Heart song that hit the Billboard hot 100

Click here to take the quiz!

General Stats

  • This quiz has been taken 9 times
  • The average score is 13 of 29

Answer Stats

Peak Chart PositionYearSong% Correct
91976Magic Man
88%
151978Straight On
88%
11986These Dreams
88%
11987Alone
75%
351976Crazy On You
75%
341979Dog + Butterfly
75%
111977Barracuda
75%
421977Dreamboat Annie
63%
101985What About Love?
63%
331980Even It Up
50%
241978Heartless
50%
21990All I Wanna Do Is Make Love To You
50%
121988There's The Girl
50%
41985Never
50%
621977Little Queen
38%
541986If Looks Could Kill
38%
81981Tell It Like It Is
38%
441983How Can I Refuse
38%
791977Kick It Out
25%
491988I Want You So Bad
25%
131990Stranded
25%
71987Who Will You Run To
25%
101986Nothin' At All
25%
231990I Didn't Want To Need You
25%
391994Will You Be There (In The Morning)
13%
331982This Man Is Mine
13%
641991Secret
13%
831983Allies
13%
831981Unchained Melody
13%

Score Distribution

Percentile by Number Answered

Percent of People with Each Score

Your Score History

You have not taken this quiz